Plánovanie investícií a technického rozvoja

Guardado en:
Detalles Bibliográficos
Autor principal: Moravčík, Alexander
Autor Corporativo: Vysoká škola ekonomická v Bratislave. Národohospodárska fakulta
Formato: Libro
Lenguaje:eslovaco
Publicado: Bratislava VŠE 1985
Edición:1. vyd.
Etiquetas: Agregar Etiqueta
Sin Etiquetas, Sea el primero en etiquetar este registro!

MARC

LEADER 00000nam a2200000 4500
001 c107293
005 20230116121311.3
041 0 |a slo 
044 |a SK 
245 1 0 |a Plánovanie investícií a technického rozvoja  |c Alexander Moravčík a kol. 
250 |a 1. vyd. 
264 1 |a Bratislava  |b VŠE  |c 1985 
300 |a 313 s. 
100 1 |a Moravčík, Alexander 
710 2 |a Vysoká škola ekonomická v Bratislave. Národohospodárska fakulta